| 000 | 00600nam a2200181Ia 4500 | ||
|---|---|---|---|
| 003 | GCL | ||
| 008 | 140319s9999 xx 000 0 ara d | ||
| 020 | _a1108299959 | ||
| 040 |
_aGCL / _cGCL |
||
| 082 | 0 | 4 |
_a921.1 _bا د |
| 100 | 1 | _aاحمد عبدالحليم عطية | |
| 245 | 1 | 0 |
_aدراسات عربية حول عبدالرحمن بدوى / _cاحمد عبدالحليم عطية |
| 260 |
_aبيروت : _bالمدار الاسلامى ، _c2002 |
||
| 300 |
_a528 ص ؛ _c24 سم |
||
| 650 | 0 | 4 | _aعبدالرحمن بدوى |
| 650 | 0 | 4 | _aالفلاسفة المصريون |
| 942 |
_2ddc _cBK |
||
| 999 |
_c5103 _d5103 |
||